Os guardiães da noite (Registo nº 27576)

Detalhes MARC
000 -Etiqueta do registo
campo de controlo de comprimento fixo 006800000a22002170004500
001 - Identificador do registo
Campo de controlo 27576
010 ## - ISBN
Número (ISBN) 978-972-23-3718-2
100 ## - Dados Gerais de Proc.
Dados gerais de processamento 20070813d2007 m y0pory5003 ba
101 0# - Língua da publicação
Língua do texto, banda sonora, etc. Português
102 ## - País de Publicação
País de publicação Portugal
200 1# - Título
Título próprio Os guardiães da noite
Primeira menção de responsabilidade Serguei Lukiánenko
Outras menções de responsabilidade trad. do russo de Natália Vakhmistrova
210 ## - Publicação, Distribuição
Lugar da edição, distribuição, etc. Lisboa
Nome do editor, distribuidor, etc. Presença
Data da publicação, distribuição, etc. 2007
215 ## - Descrição física
Descrição física 389, [1] p
225 2# - Colecção
Título próprio da colecção Via láctea
Indicação de volume 50
300 ## - Notas gerais
Texto da nota 1º vol. de uma trilogia
675 ## - CDU
Notação 821.161.1-311.3
Edição BN
Língua da edição Português
700 #1 - Responsabilidade principal
Palavra de ordem Lukiánenko
Outra parte do nome Serguei
702 #1 - Responsabilidade secundária
Koha Internal Code 46064
Código de função Tradutor
Palavra de ordem Vakhmistrova
Outra parte do nome Natália
090 ## - Números de controlo do sistema (Koha)
Número biblioitem do Koha (gerado automaticamente) 27576
942 ## - Elementos de entrada adicionados (Koha)
Tipo de item no Koha Monografias
Suprimido Disponível no OPAC
999 ## - Campo local
Campo local 27576
-- Bibliobase - BMTAV
-- 2019-01-21
Exemplares
Removido (estado) Perdido (estado) Data de aquisição Origem do registo (biblioteca) (codificado) Código da organização que empresta ou é detentora (biblioteca) Código de barras Local Número de inventário Cota Data de empréstimo ou depósito Tipo de circulação (não pode ser emprestado) Tipo de item e material
Disponível Disponível 2007-08-13 Biblioteca Municipal Álvaro de Campos Biblioteca Municipal Álvaro de Campos BMTAV45331 Sala de Adultos 45331 R7 LUK 2021-08-27 Normal Monografias